00730nam a2200181 a 450000100100000000500170001000800410002704000250006808200150009311000800010824500860018826000720027430000200034670000430036604900090040995201130041899900170053100003006020240228184147.0110428s1995 dr 000 0 spa d aDO-SdBNPbspacBNPHU axxxbR426d1 aRepública Dominicana :bBanco Central de la República Dominicana94287310aDominican economy results, challenges and perspectives /cHéctor Valdez Albizu. aSanto Domingo :bBanco Central de la República Dominicana,c1995. a15 p. ;c28 cm.1 aValdez Albizu, Héctor,d1947-912322 aBNPD 0010718PDaPDbPDcCTd2011-04-28iLF1l0oxxx R426dp30060-10r2020-06-25w2020-06-25yLFPDZNo se presta c29552d29552